Women's employment and the capitalist family
Αποθηκεύτηκε σε:
| Κύριος συγγραφέας: | |
|---|---|
| Μορφή: | Βιβλίο |
| Γλώσσα: | English |
| Δημοσίευση: |
London; New York :
Routledge,
1992
|
| Θέματα: | |
| Ετικέτες: |
Προσθήκη ετικέτας
Δεν υπάρχουν, Καταχωρήστε ετικέτα πρώτοι!
|
MARC
| LEADER | 00000nam a2200000 i 4500 | ||
|---|---|---|---|
| 001 | 1/60981 | ||
| 008 | 930908s eng d | ||
| 020 | |a 0-415-08334-6 | ||
| 035 | |a ΛΕΣΒΟΣb10000778 |l 10000778 | ||
| 040 | |a GR-MY-UA |b gre |e aacr | ||
| 041 | 0 | |a eng | |
| 082 | 0 | |a 331.4 | |
| 100 | 1 | |a Fine, Ben. | |
| 245 | 1 | 0 | |a Women's employment and the capitalist family / |c Ben Fine |
| 260 | |a London; New York : |b Routledge, |c 1992 | ||
| 300 | |a 191 p. | ||
| 504 | |a Includes index and bibliographical references | ||
| 650 | 0 | 0 | |a Civil society. |
| 650 | 0 | 0 | |a Women. |
| 852 | |a INST |b LESVOS |e 19930908 |h 331.4 FIN |p 005100004387 |q 005100004387 |t BK |y 0 | ||
| 909 | |a Λ |b 025441 | ||